000 00795nam a2200229 a 4500
001 44717
003 BD-RjUL
005 20211209053915.0
008 160720s1950 bg ||||| |||| 00| 0 ben d
020 _c: PRs.3.00
035 _a(BD-RjUL)44835
040 _aBD-RjUL
_bben
_cBD-RjUL
_dBD-RjUL
041 _aben
082 _223
_a891.443
_bHOO 1950
100 _aহক, মফিজ-উল
_9137115
245 1 0 _aঅসমাপ্ত কাহিনী /
_cমফিজ-উল হক
260 _aচট্টগ্রাম :
_bশিক্ষক সমবায় লাইব্রেরী,
_c১৯৫০
300 _a[৬],১৭২ পৃ. ;
_c২০ সেমি.
650 _aবাংলা উপন্যাস
_9137116
650 _aBengali Fiction
_9137117
942 _2ddc
_cBK
999 _c44717
_d44717